Technologische Betriebsprojektierung : Teilsysteme-Gestaltung /

Guardado en:
Detalles Bibliográficos
Autor principal: Rockstroh, Wolfgang (Autor)
Formato: Libro
Lenguaje:alemán
Publicado: Berlin : VEB Verlag Technik, 1971
Edición:2.prepr.vyd.
Materias:
Etiquetas: Agregar Etiqueta
Sin Etiquetas, Sea el primero en etiquetar este registro!

MARC

LEADER 00000nam a22000003a 4500
001 stu41394
005 20150617225719.8
008 931123s1971----gw------------------ger-d
040 |a STU  |b slo 
041 0 |a ger 
044 |a gw 
080 |a 621 
080 |a 725.4  |7 stu_us_auth*stu4022 
100 1 |a Rockstroh, Wolfgang  |4 aut 
245 1 |a Technologische Betriebsprojektierung :  |b Teilsysteme-Gestaltung /  |c [aut.]Wolfgang Rockstroh 
250 |a 2.prepr.vyd. 
260 |a Berlin :  |b VEB Verlag Technik,  |c 1971 
300 |a 179 s 
650 7 |a Projektovanie technologické  |2 stusub 
996 |b 284M012579  |c M*5785-1  |l MMKN  |s A  |a 24  |w stu41394_0001